000 00309nam a2200097Ia 4500
005 20250424112922.0
008 250424s9999 xx 000 0 und d
300 _aiv, 244p. :ill. ; 21 cm.
650 _aNigeria--Politics and government--Periodicals. Nigeria--Social conditions--1960---Periodicals.
942 _cSR
999 _c37873
_d37873